[Event "Ambalangoda Dhamso op 4th"]
[Site "Ambalangoda"]
[Date "2014.05.01"]
[Round "3"]
[White "Silva, Nisini Nethmila"]
[Black "Ranasinghe, Sachini D"]
[Result "1/2-1/2"]
[WhiteElo "1429"]
[BlackElo "1864"]
[PlyCount "122"]
[EventDate "2014.04.30"]
[EventType "swiss"]
[EventRounds "9"]
[EventCountry "SRI"]
[SourceTitle "CBM 160 Extra"]
[Source "ChessBase"]
[SourceDate "2014.07.01"]
[SourceVersion "1"]
[SourceVersionDate "2014.07.01"]
[SourceQuality "1"]

1. d4 d5 2. c4 e6 3. Nc3 Nf6 4. Bg5 c6 5. Nf3 Be7 6. e3 Nbd7 7. cxd5 exd5 8. Bd3 0-0 9. Qc2 Re8 10. 0-0 Nf8 11. Rab1 Ng6 12. b4 a6 13. a4 Ne4 14. Bxe7 Qxe7 15. Rfe1 f5 16. Ne2 Bd7 17. b5 axb5 18. axb5 Ra3 19. Rb3 Rea8 20. Reb1 Ra2 21. R3b2 R2a5 22. Nc3 Qd6 23. bxc6 Bxc6 24. Bb5 Ra3 25. Ne2 Rc8 26. Qd1 Nc3 27. Nxc3 Rxc3 28. h3 f4 29. Bxc6 bxc6 30. Qe1 Rc4 31. Rb7 Ra4 32. Ng5 h6 33. Nf3 Re8 34. Qd2 fxe3 35. fxe3 Qe6 36. R7b3 Ra7 37. Re1 Qe4 38. Reb1 Re6 39. Qd3 Qxd3 40. Rxd3 Ra2 41. Re1 Rc2 42. Rd2 Rc3 43. Rde2 Ne7 44. e4 dxe4 45. Rxe4 Rxe4 46. Rxe4 Nd5 47. Kh2 Ne3 48. h4 Nf1+ 49. Kh3 Nd2 50. Rf4 g5 51. hxg5 hxg5 52. Rf5 Kh7 53. Kg4 Nxf3 54. Rxf3 Rxf3 55. gxf3 Kg6 56. f4 gxf4 57. Kxf4 Kf6 58. Ke4 Ke6 59. Ke3 Kd5 60. Kd3 Kd6 61. Ke4 Ke6 1/2-1/2